000 03206nam a2200373Ia 4500
999 _c46277
_d46277
001 13111
003 GE_BSU
005 20240826171208.0
008 181216s2013||||ge |||||||||||||| ||geo||
020 _a978-9941-0-6774-7
040 _cGE_BSU
041 _ageo
080 _a271.222(479.22) ა-96
245 _aახალციხის და ტაო-კლარჯეთის ეპარქია = The Akhaltsikhe and Tao-Klarjeti eparchye /
_cიდეის ავტ. არქიმანდრიტი ნიკოლოზი (გეწაძე) ; სარედ. კოლ. : ვალერი ასათიანი, მერაბ ბერიძე, გიორგი მარსაგიშვილი [და სხვ.] ; ინგლ. თარგმანი ლიანა გაბეჩავა ; დიზაინი თამაზ ვარვარიძე.
264 _aთბილისი :
_b"ზარზმის სავანე",
_c2013.
300 _a916 გვ. :
_bფოტ. + 1 რუკა ;
_c29 სმ.
500 _aეძღვნება საქ. კათოლიკოს-პატრიარქის, მცხეთა-მთიანეთის მთავარეპისკოპოსის, ბიჭვინთისა და ცხუმ-აფხაზეთის მიტროპოლიტის... ილია II-ის დაბადებიდან 80 და აღსაყდრებიდან 35 წლისთავს დაიბეჭდა ლატვიაში
500 _aთავფურ. და გარეკანი ქართ. და ინგლ.
500 _a წიგნი დაიბეჭდა ... მიტროპოლიტ თეოდორეს (ჭუაძე) ლოცვა-კურთხევით
653 _aThe Akhaltsikhe and Tao-Klarjeti eparchye
653 _aახალციხის და ტაო-კლარჯეთის ეპარქია
653 _aეპარქიები საქართველოში
653 _aეკლესია-მონასტრები საქართველოში
700 _aგეწაძე, ნიკოლოზი
_d
_e ავტორი
_923121
700 _aვარვარიძე, თ. (თამაზ)
_eდიზაინი
_923122
700 _aასათიანი, ვ. (ვალერი)
_eიდეის ავტორი და რედაქტორი
_923123
700 _a ბერიძე, მ. (მერაბ)
_eრედაქტორი
_923124
700 _aმარსაგიშვილი, გ. (გიორგი)
_eრედაქტორი
_923125
700 _aაბესაძე, ქ. (ქეთევან)
_eრედაქტორი
_923126
700 _aასათიანი, ს. (სანდრო)
_eრედაქტორი
_923127
700 _aგაბეჩავა, ლ. (ლიანა)
_eმთარგმნელი
_923128
700 _aვარვარიძე, თ. (თამაზ)
_eდიზაინი
_923122
942 _cBK
_2udc